000 00737nam a2200217Ia 4500
003 GCL
008 140319s9999 xx 000 0 ara d
020 _a3747317977
040 _aGCL /
_cGCL
082 0 4 _a301.247
_bف س
100 1 _aفوزى سالم عفيفى
245 1 0 _aالسلوك الاجتماعى بين علم النفس والدين /
_cفوزى سالم عفيفى
250 _aالاولى
260 _aالقاهرة :
_bدار غريب للطباعة والنشر والتوزيع ،
_c1980
300 _a239 ص ؛
_c24سم
650 0 4 _aالاسلام
650 0 4 _aالتغير الاجتماعى
650 0 4 _aالبناء الاجتماعى
650 0 4 _aالاجتماع، علم
942 _2ddc
_cBK
999 _c39475
_d39475